[Event "World Chess Olympiad 2018"]
[Site "Batumi"]
[Date "2018.10.01"]
[Round "7"]
[Board "1"]
[WhiteFideId "3600017"]
[White "Matamoros Franco Carlos S."]
[BlackFideId "806404"]
[Black "Efimov Igor"]
[Result "1/2-1/2"]
[LiveChessVersion "1.4.8"]
[BlackElo "2421"]
[WhiteElo "2494"]

1. Nf3 {[%clk 1:30:52]} Nf6 {[%clk 1:29:37]} 2. c4 {[%clk 1:31:10]} c5
{[%clk 1:28:08]} 3. Nc3 {[%clk 1:30:49]} g6 {[%clk 1:26:44]} 4. g3
{[%clk 1:29:04]} b6 {[%clk 1:15:36]} 5. Bg2 {[%clk 1:29:03]} Bb7 {[%clk 1:16:05]}
6. d4 {[%clk 1:28:19]} cxd4 {[%clk 1:16:32]} 7. Qxd4 {[%clk 1:28:41]} Bg7
{[%clk 1:16:52]} 8. O-O {[%clk 1:28:51]} Na6 {[%clk 1:09:20]} 9. Be3
{[%clk 1:18:57]} Rc8 {[%clk 1:09:11]} 10. Rac1 {[%clk 1:15:58]} Nc5
{[%clk 1:02:52]} 11. b3 {[%clk 1:12:53]} h6 {[%clk 0:54:03]} 12. Qd2
{[%clk 1:08:39]} Nce4 {[%clk 0:38:52]} 13. Nxe4 {[%clk 1:08:39]} Nxe4
{[%clk 0:39:06]} 14. Qd3 {[%clk 1:08:09]} Qc7 {[%clk 0:28:51]} 15. Rfd1
{[%clk 0:56:42]} d6 {[%clk 0:28:44]} 16. Ne1 {[%clk 0:56:43]} Nf6
{[%clk 0:28:42]} 17. Qd2 {[%clk 0:56:19]} Ne4 {[%clk 0:28:57]} 18. Qd3
{[%clk 0:56:31]} Nf6 {[%clk 0:29:19]} 19. Qd2 {[%clk 0:56:43]} Ne4
{[%clk 0:29:37]} 20. Qd3 {[%clk 0:56:55]} Nf6 {[%clk 0:29:35]} 1/2-1/2

[Event "World Chess Olympiad 2018"]
[Site "Batumi"]
[Date "2018.10.01"]
[Round "7"]
[Board "2"]
[WhiteFideId "4646215"]
[White "Berezovsky Igor"]
[BlackFideId "3609677"]
[Black "Barros Rivadeneira Cristhian"]
[Result "1-0"]
[LiveChessVersion "1.4.8"]
[BlackElo "2345"]
[WhiteElo "2380"]

1. d4 {[%clk 1:30:52]} Nf6 {[%clk 1:30:54]} 2. Nf3 {[%clk 1:30:44]} g6 3. g3
{[%clk 1:31:09]} Bg7 {[%clk 1:30:13]} 4. Bg2 {[%clk 1:31:32]} O-O 5. O-O d6
{[%clk 1:25:41]} 6. c4 {[%clk 1:31:08]} Nc6 {[%clk 1:25:47]} 7. Nc3
{[%clk 1:30:10]} a6 {[%clk 1:18:14]} 8. h3 {[%clk 1:26:39]} Rb8 {[%clk 1:18:41]}
9. Qd3 {[%clk 1:14:48]} b5 {[%clk 0:35:11]} 10. cxb5 {[%clk 1:12:47]} axb5
{[%clk 0:35:32]} 11. Bg5 {[%clk 1:05:11]} b4 {[%clk 0:26:13]} 12. Bxf6
{[%clk 1:01:04]} Bxf6 {[%clk 0:23:49]} 13. Ne4 {[%clk 0:46:34]} Bg7
{[%clk 0:23:37]} 14. Rfc1 {[%clk 0:46:39]} Bd7 {[%clk 0:21:48]} 15. e3
{[%clk 0:37:45]} Rb6 {[%clk 0:21:36]} 16. Ned2 {[%clk 0:37:15]} Na5
{[%clk 0:18:14]} 17. Nb3 {[%clk 0:26:37]} Nxb3 {[%clk 0:10:56]} 18. axb3
{[%clk 0:27:05]} c5 {[%clk 0:11:07]} 19. Ra7 {[%clk 0:22:52]} Bf5
{[%clk 0:07:19]} 20. Qd2 {[%clk 0:19:16]} Rb5 {[%clk 0:07:32]} 21. Rca1
{[%clk 0:17:43]} Bf6 {[%clk 0:03:04]} 22. h4 {[%clk 0:11:39]} Rb8
{[%clk 0:02:21]} 23. Bf1 {[%clk 0:06:55]} Bg4 {[%clk 0:01:26]} 24. Nh2
{[%clk 0:06:46]} Be6 {[%clk 0:01:38]} 25. Bc4 {[%clk 0:06:23]} cxd4
{[%clk 0:00:37]} 26. exd4 {[%clk 0:06:30]} Qb6 {[%clk 0:00:44]} 27. Bxe6
{[%clk 0:04:44]} fxe6 {[%clk 0:01:12]} 28. Nf3 {[%clk 0:04:53]} Qc6
{[%clk 0:00:39]} 29. Qe3 {[%clk 0:04:00]} Kh8 {[%clk 0:00:39]} 30. Ng5
{[%clk 0:03:10]} Qd5 {[%clk 0:00:36]} 31. Nxe6 {[%clk 0:02:51]} Rfc8
{[%clk 0:00:55]} 32. Nf4 {[%clk 0:01:33]} Qf5 {[%clk 0:01:04]} 33. Rxe7
{[%clk 0:01:03]} Bxe7 {[%clk 0:01:11]} 34. Qxe7 {[%clk 0:01:31]} Re8
{[%clk 0:01:01]} 35. Qxd6 {[%clk 0:01:50]} Rbd8 {[%clk 0:01:20]} 36. Qxb4
{[%clk 0:02:02]} Re4 {[%clk 0:01:25]} 37. Ra7 {[%clk 0:01:20]} Rxf4
{[%clk 0:00:35]} 38. gxf4 {[%clk 0:01:16]} Qg4+ {[%clk 0:00:37]} 39. Kf1
{[%clk 0:01:27]} Rc8 {[%clk 0:00:46]} 40. Rc7 {[%clk 0:30:35]} Re8
{[%clk 0:30:34]} 41. Qc3 {[%clk 0:28:46]} Qd1+ {[%clk 0:27:12]} 42. Kg2
{[%clk 0:28:03]} Qg4+ {[%clk 0:27:37]} 43. Qg3 {[%clk 0:27:53]} Qe6
{[%clk 0:25:35]} 44. d5 {[%clk 0:22:31]} 1-0

[Event "World Chess Olympiad 2018"]
[Site "Batumi"]
[Date "2018.10.01"]
[Round "7"]
[Board "3"]
[WhiteFideId "3618471"]
[White "Noboa Kevin"]
[BlackFideId "623830"]
[Black "Nelis Jean-Francois"]
[Result "1-0"]
[LiveChessVersion "1.4.8"]
[BlackElo "2154"]
[WhiteElo "2256"]

1. d4 {[%clk 1:30:53]} d6 {[%clk 1:30:47]} 2. Nf3 {[%clk 1:30:50]} g6
{[%clk 1:30:50]} 3. c4 {[%clk 1:30:51]} Bg7 {[%clk 1:31:05]} 4. Nc3
{[%clk 1:30:03]} Bg4 {[%clk 1:28:24]} 5. e3 {[%clk 1:26:44]} Nc6 {[%clk 1:25:02]}
6. Be2 {[%clk 1:26:17]} e5 {[%clk 1:24:52]} 7. O-O {[%clk 1:22:36]} Nge7
{[%clk 1:18:28]} 8. d5 {[%clk 1:08:16]} Nb8 {[%clk 1:16:31]} 9. c5
{[%clk 1:03:53]} dxc5 {[%clk 1:07:18]} 10. Qa4+ {[%clk 0:57:35]} Bd7
{[%clk 1:07:33]} 11. Qb3 {[%clk 0:55:39]} b6 {[%clk 1:01:11]} 12. a4
{[%clk 0:44:22]} a5 {[%clk 0:56:03]} 13. Rd1 {[%clk 0:43:26]} Nc8
{[%clk 0:50:51]} 14. Ne4 {[%clk 0:41:51]} O-O {[%clk 0:46:57]} 15. d6
{[%clk 0:27:32]} Be6 {[%clk 0:46:33]} 16. dxc7 {[%clk 0:26:30]} Qxc7
{[%clk 0:46:51]} 17. Bc4 {[%clk 0:22:25]} Bxc4 {[%clk 0:47:08]} 18. Qxc4
{[%clk 0:22:53]} Nc6 {[%clk 0:46:52]} 19. Nc3 {[%clk 0:22:04]} Nd6
{[%clk 0:42:43]} 20. Qh4 {[%clk 0:18:14]} Nb4 {[%clk 0:33:15]} 21. e4
{[%clk 0:17:44]} f6 {[%clk 0:31:47]} 22. Be3 {[%clk 0:16:48]} Rad8
{[%clk 0:31:36]} 23. Nd2 {[%clk 0:13:48]} Qf7 {[%clk 0:31:22]} 24. Rac1
{[%clk 0:12:17]} Qe6 {[%clk 0:29:01]} 25. Qg3 {[%clk 0:11:51]} Rd7
{[%clk 0:28:20]} 26. Qf3 {[%clk 0:10:11]} Rfd8 {[%clk 0:24:45]} 27. Qe2
{[%clk 0:09:38]} Kf7 {[%clk 0:19:09]} 28. Nf1 {[%clk 0:07:39]} Kg8
{[%clk 0:14:51]} 29. h4 {[%clk 0:07:07]} Qc4 {[%clk 0:09:08]} 30. Qf3
{[%clk 0:04:41]} Qb3 {[%clk 0:08:30]} 31. Qg4 {[%clk 0:03:38]} f5
{[%clk 0:07:21]} 32. exf5 {[%clk 0:03:23]} gxf5 {[%clk 0:07:46]} 33. Qf3
{[%clk 0:02:30]} f4 {[%clk 0:07:51]} 34. Bxf4 {[%clk 0:02:40]} exf4
{[%clk 0:08:09]} 35. Qxf4 {[%clk 0:03:05]} Qf7 {[%clk 0:06:38]} 36. Qg4
{[%clk 0:03:04]} Qf5 {[%clk 0:06:03]} 37. Qe2 {[%clk 0:02:51]} Bd4
{[%clk 0:05:27]} 38. Ng3 {[%clk 0:02:55]} Qf6 {[%clk 0:05:08]} 39. Re1
{[%clk 0:01:43]} Rg7 {[%clk 0:04:48]} 40. Nh5 {[%clk 0:31:39]} 1-0

[Event "World Chess Olympiad 2018"]
[Site "Batumi"]
[Date "2018.10.01"]
[Round "7"]
[Board "4"]
[WhiteFideId "5400422"]
[White "Lomandong Marc-Antoine"]
[BlackFideId "3600734"]
[Black "Munoz Sanchez Miguel"]
[Result "0-1"]
[LiveChessVersion "1.4.8"]
[BlackElo "2254"]
[WhiteElo "2035"]

1. d4 {[%clk 1:30:54]} Nf6 {[%clk 1:30:55]} 2. Nf3 {[%clk 1:31:19]} e6
{[%clk 1:31:18]} 3. b3 {[%clk 1:31:21]} c5 {[%clk 1:31:13]} 4. e3
{[%clk 1:31:50]} Nc6 {[%clk 1:31:02]} 5. Bb2 {[%clk 1:32:13]} cxd4
{[%clk 1:30:49]} 6. exd4 {[%clk 1:32:30]} d5 {[%clk 1:30:27]} 7. Nbd2
{[%clk 1:31:36]} Bd6 {[%clk 1:30:35]} 8. a3 {[%clk 1:27:02]} O-O {[%clk 1:30:20]}
9. Bd3 {[%clk 1:27:13]} a5 {[%clk 1:30:41]} 10. O-O {[%clk 1:25:49]} b6
{[%clk 1:27:06]} 11. Ne5 {[%clk 1:17:48]} Ne7 {[%clk 1:15:27]} 12. Qe2
{[%clk 1:06:29]} Bb7 {[%clk 1:15:23]} 13. f4 {[%clk 0:59:10]} Qc8
{[%clk 1:13:52]} 14. Rac1 {[%clk 0:47:05]} Ba6 {[%clk 1:12:51]} 15. c4
{[%clk 0:46:08]} Qb7 {[%clk 1:13:00]} 16. Rf3 {[%clk 0:33:18]} Rac8
{[%clk 1:04:20]} 17. Rh3 {[%clk 0:28:07]} g6 {[%clk 0:54:02]} 18. Qf2
{[%clk 0:20:36]} Kg7 {[%clk 0:52:17]} 19. c5 {[%clk 0:16:41]} Bb8
{[%clk 0:45:06]} 20. c6 {[%clk 0:10:05]} Qa8 {[%clk 0:34:29]} 21. Qh4
{[%clk 0:02:36]} Bxd3 {[%clk 0:13:59]} 22. Nd7 {[%clk 0:02:41]} Neg8
{[%clk 0:14:08]} 23. Rxd3 {[%clk 0:01:05]} Nxd7 {[%clk 0:08:43]} 24. cxd7
{[%clk 0:01:29]} Rcd8 {[%clk 0:09:10]} 25. Nf3 {[%clk 0:00:44]} Rxd7
{[%clk 0:08:57]} 26. Rdc3 {[%clk 0:00:45]} Qb7 {[%clk 0:08:30]} 27. Ne5
{[%clk 0:00:57]} Rc7 {[%clk 0:07:17]} 28. Rh3 {[%clk 0:00:36]} h6
{[%clk 0:07:15]} 29. Rf1 {[%clk 0:00:38]} Rc2 {[%clk 0:07:04]} 30. Bc1
{[%clk 0:00:40]} Qe7 {[%clk 0:06:45]} 31. Qxe7 {[%clk 0:00:51]} Nxe7
{[%clk 0:07:08]} 32. f5 {[%clk 0:00:54]} Nxf5 {[%clk 0:07:08]} 33. g4
{[%clk 0:00:42]} Bxe5 {[%clk 0:02:24]} 34. dxe5 {[%clk 0:00:48]} Rfc8
{[%clk 0:02:47]} 35. Bf4 {[%clk 0:00:42]} g5 {[%clk 0:01:18]} 36. gxf5
{[%clk 0:00:40]} gxf4 {[%clk 0:01:43]} 37. f6+ {[%clk 0:00:39]} Kg6
{[%clk 0:01:34]} 38. Rh4 {[%clk 0:00:35]} Rc1 {[%clk 0:00:48]} 39. Rhxf4
{[%clk 0:00:38]} Rxf1+ {[%clk 0:00:54]} 40. Kxf1 {[%clk 0:30:47]} Rc3
{[%clk 0:30:45]} 0-1

[Event "World Chess Olympiad 2018"]
[Site "Batumi"]
[Date "2018.10.01"]
[Round "7"]
[Board "1"]
[WhiteFideId "6351921"]
[White "Saraci Nderim"]
[BlackFideId "9916148"]
[Black "Piyumantha M Sasith Nipun"]
[Result "1-0"]
[LiveChessVersion "1.4.8"]
[BlackElo "2139"]
[WhiteElo "2408"]

1. Nf3 {[%clk 1:30:56]} d5 {[%clk 1:30:48]} 2. c4 {[%clk 1:31:16]} e6
{[%clk 1:29:57]} 3. g3 {[%clk 1:31:35]} Nf6 {[%clk 1:30:18]} 4. Bg2
{[%clk 1:31:57]} c6 {[%clk 1:30:04]} 5. Qc2 {[%clk 1:31:42]} Nbd7
{[%clk 1:30:00]} 6. O-O {[%clk 1:31:26]} Be7 {[%clk 1:30:22]} 7. d4
{[%clk 1:30:38]} O-O {[%clk 1:30:39]} 8. Nbd2 {[%clk 1:30:53]} b6
{[%clk 1:30:46]} 9. e4 {[%clk 1:28:18]} Bb7 {[%clk 1:31:15]} 10. e5
{[%clk 1:25:25]} Ne8 {[%clk 1:31:34]} 11. Rd1 {[%clk 1:09:02]} Rc8
{[%clk 1:26:06]} 12. b3 {[%clk 1:02:48]} Nc7 {[%clk 1:23:42]} 13. Nf1
{[%clk 0:59:11]} c5 {[%clk 1:13:26]} 14. dxc5 {[%clk 0:54:06]} bxc5
{[%clk 1:13:13]} 15. h4 {[%clk 0:49:08]} h6 {[%clk 1:02:16]} 16. Bf4
{[%clk 0:43:24]} d4 {[%clk 1:01:27]} 17. N1h2 {[%clk 0:39:28]} Bxf3
{[%clk 0:48:30]} 18. Nxf3 {[%clk 0:39:30]} g5 {[%clk 0:48:54]} 19. Bc1
{[%clk 0:34:45]} Kg7 {[%clk 0:45:23]} 20. hxg5 {[%clk 0:32:15]} Bxg5
{[%clk 0:37:14]} 21. Nxg5 {[%clk 0:19:31]} hxg5 {[%clk 0:37:42]} 22. Re1
{[%clk 0:15:24]} f5 {[%clk 0:31:48]} 23. exf6+ {[%clk 0:13:40]} Qxf6
{[%clk 0:32:16]} 24. Qd2 {[%clk 0:13:23]} g4 {[%clk 0:31:32]} 25. Re4
{[%clk 0:12:06]} Ne5 {[%clk 0:31:56]} 26. Qf4 {[%clk 0:08:06]} Nf3+
{[%clk 0:29:05]} 27. Bxf3 {[%clk 0:05:43]} Qxf4 {[%clk 0:29:34]} 28. Bxf4
{[%clk 0:05:55]} gxf3 {[%clk 0:29:57]} 29. Rd1 Kf7 {[%clk 0:25:16]} 30. Bd6
{[%clk 0:05:28]} Na6 31. Rf4+ {[%clk 0:04:44]} Kg7 {[%clk 0:25:16]} 32. Rxf8
{[%clk 0:05:00]} Rxf8 {[%clk 0:25:40]} 33. Bxf8+ {[%clk 0:05:25]} Kxf8
{[%clk 0:26:04]} 34. a3 {[%clk 0:04:58]} 1-0

[Event "World Chess Olympiad 2018"]
[Site "Batumi"]
[Date "2018.10.01"]
[Round "7"]
[Board "2"]
[WhiteFideId "9912053"]
[White "Thilakarathne G M H"]
[BlackFideId "937576"]
[Black "Ondozi Murtez"]
[Result "1-0"]
[LiveChessVersion "1.4.8"]
[BlackElo "2402"]
[WhiteElo "2238"]

1. e4 {[%clk 1:30:53]} c5 {[%clk 1:30:28]} 2. Nf3 {[%clk 1:31:18]} e6
{[%clk 1:30:49]} 3. d4 {[%clk 1:31:43]} cxd4 {[%clk 1:31:13]} 4. Nxd4
{[%clk 1:32:09]} a6 {[%clk 1:31:40]} 5. c4 {[%clk 1:32:00]} Nf6 {[%clk 1:31:59]}
6. Nc3 {[%clk 1:32:19]} Qc7 {[%clk 1:32:23]} 7. a3 {[%clk 1:32:40]} b6
{[%clk 1:32:33]} 8. Be3 {[%clk 1:31:51]} d6 {[%clk 1:32:23]} 9. Be2
{[%clk 1:31:46]} Bb7 {[%clk 1:32:48]} 10. f3 {[%clk 1:32:09]} Nbd7
{[%clk 1:33:14]} 11. O-O {[%clk 1:32:06]} Be7 {[%clk 1:33:41]} 12. Rc1
{[%clk 1:31:19]} O-O {[%clk 1:33:55]} 13. b4 {[%clk 1:31:30]} Rac8
{[%clk 1:34:03]} 14. Qd2 {[%clk 1:29:52]} Rfd8 {[%clk 1:33:42]} 15. Rfd1
{[%clk 1:26:42]} Qb8 {[%clk 1:32:21]} 16. Qe1 {[%clk 1:12:02]} Re8
{[%clk 1:27:50]} 17. Qf2 {[%clk 1:05:31]} Bd8 {[%clk 1:27:31]} 18. Nb3
{[%clk 0:42:02]} Bc7 {[%clk 1:25:57]} 19. g3 {[%clk 0:41:03]} Rcd8
{[%clk 1:18:48]} 20. Kf1 {[%clk 0:35:02]} Ba8 {[%clk 1:18:05]} 21. Rd2
{[%clk 0:29:18]} Re7 {[%clk 1:14:32]} 22. Rcd1 {[%clk 0:26:10]} Rde8
{[%clk 1:14:16]} 23. Bf4 {[%clk 0:21:52]} d5 {[%clk 0:56:17]} 24. Bxc7
{[%clk 0:21:44]} Qxc7 {[%clk 0:56:46]} 25. exd5 {[%clk 0:21:10]} exd5
{[%clk 0:57:15]} 26. Nxd5 {[%clk 0:21:04]} Nxd5 {[%clk 0:57:11]} 27. cxd5
{[%clk 0:21:23]} Qc3 {[%clk 0:57:34]} 28. Nd4 {[%clk 0:12:19]} Qxa3
{[%clk 0:52:02]} 29. Nf5 {[%clk 0:09:41]} Re5 {[%clk 0:45:29]} 30. Nd6
{[%clk 0:09:22]} Rd8 {[%clk 0:45:22]} 31. Nc4 {[%clk 0:06:49]} Qxb4
{[%clk 0:45:37]} 32. Nxe5 {[%clk 0:06:25]} Nxe5 {[%clk 0:46:05]} 33. Bxa6
{[%clk 0:04:46]} Qb3 {[%clk 0:44:54]} 34. Be2 {[%clk 0:04:03]} h6
{[%clk 0:42:26]} 35. f4 {[%clk 0:02:11]} Nd7 {[%clk 0:42:01]} 36. Bf3
{[%clk 0:02:22]} Bb7 {[%clk 0:41:58]} 37. Kg1 {[%clk 0:02:32]} Ba6
{[%clk 0:41:25]} 38. Bg2 {[%clk 0:02:44]} Bc4 {[%clk 0:41:31]} 39. d6
{[%clk 0:02:55]} Nf6 {[%clk 0:41:41]} 40. h3 {[%clk 0:32:27]} Be6
{[%clk 1:07:06]} 41. g4 {[%clk 0:28:51]} Nd7 {[%clk 1:04:20]} 42. Kh1
{[%clk 0:25:04]} Bc4 {[%clk 1:02:17]} 43. Qe1 {[%clk 0:24:47]} Nf8
{[%clk 0:54:45]} 44. Rb1 {[%clk 0:21:39]} Qa4 {[%clk 0:53:15]} 45. Rxb6
{[%clk 0:19:36]} Qa5 {[%clk 0:51:36]} 46. Rb1 {[%clk 0:19:11]} Ne6
{[%clk 0:51:17]} 47. f5 {[%clk 0:18:20]} Nf8 {[%clk 0:46:35]} 48. Rd4
{[%clk 0:17:27]} Qa2 {[%clk 0:40:14]} 49. Ra1 {[%clk 0:16:27]} Qb3
{[%clk 0:40:29]} 50. Qe7 {[%clk 0:13:55]} Qb2 {[%clk 0:36:05]} 51. Rdd1
{[%clk 0:11:33]} Qf6 {[%clk 0:35:11]} 52. Qxf6 {[%clk 0:11:50]} gxf6
{[%clk 0:35:39]} 53. Bc6 {[%clk 0:12:08]} Nd7 {[%clk 0:35:05]} 54. Bxd7
{[%clk 0:11:56]} Rxd7 {[%clk 0:35:34]} 55. Rac1 {[%clk 0:11:52]} Bb5
{[%clk 0:35:53]} 56. Rc5 {[%clk 0:10:43]} Be2 {[%clk 0:35:28]} 57. Rc8+
{[%clk 0:09:46]} Kg7 {[%clk 0:35:42]} 58. Rd2 {[%clk 0:08:58]} Bb5
{[%clk 0:36:00]} 59. Kh2 {[%clk 0:09:14]} h5 {[%clk 0:36:18]} 60. gxh5
{[%clk 0:09:31]} Ba4 {[%clk 0:34:38]} 61. Rg2+ {[%clk 0:09:34]} Kh7
{[%clk 0:34:51]} 62. Rgg8 {[%clk 0:09:39]} Kh6 {[%clk 0:35:06]} 63. h4
{[%clk 0:09:57]} 1-0

[Event "World Chess Olympiad 2018"]
[Site "Batumi"]
[Date "2018.10.01"]
[Round "7"]
[Board "3"]
[WhiteFideId "908630"]
[White "Makolli Perparim"]
[BlackFideId "9910760"]
[Black "Doluweera Minul Sanjula"]
[Result "0-1"]
[LiveChessVersion "1.4.8"]
[BlackElo "2171"]
[WhiteElo "2284"]

1. e4 {[%clk 1:30:38]} c6 {[%clk 1:30:50]} 2. Nc3 {[%clk 1:28:55]} d5
{[%clk 1:31:15]} 3. Nf3 {[%clk 1:29:02]} g6 {[%clk 1:12:40]} 4. d4
{[%clk 1:20:35]} Bg7 {[%clk 1:12:35]} 5. exd5 {[%clk 1:18:17]} cxd5
{[%clk 1:08:31]} 6. Bf4 {[%clk 1:18:16]} Nf6 {[%clk 1:07:48]} 7. Nb5
{[%clk 1:16:38]} O-O {[%clk 1:00:56]} 8. Bc7 {[%clk 1:06:12]} Qe8
{[%clk 0:53:44]} 9. Be5 {[%clk 1:04:29]} Na6 {[%clk 0:50:22]} 10. Be2
{[%clk 0:55:48]} Bg4 {[%clk 0:37:45]} 11. a4 {[%clk 0:55:54]} Qc6
{[%clk 0:35:06]} 12. O-O {[%clk 0:54:52]} Rfc8 {[%clk 0:35:14]} 13. c3
{[%clk 0:53:39]} Nb8 {[%clk 0:30:53]} 14. Bg3 {[%clk 0:45:34]} Bxf3
{[%clk 0:23:36]} 15. Bxf3 {[%clk 0:45:47]} Nbd7 {[%clk 0:23:38]} 16. Re1
{[%clk 0:45:09]} a6 {[%clk 0:23:34]} 17. Na3 {[%clk 0:45:17]} e6 {[%clk 0:23:43]}
18. c4 {[%clk 0:40:08]} Ne4 {[%clk 0:11:43]} 19. Bxe4 {[%clk 0:35:49]} dxe4
{[%clk 0:12:12]} 20. b3 {[%clk 0:35:02]} f5 {[%clk 0:11:18]} 21. Bf4
{[%clk 0:34:36]} e5 {[%clk 0:09:22]} 22. d5 {[%clk 0:31:22]} Qf6 {[%clk 0:09:03]}
23. Be3 {[%clk 0:28:13]} f4 {[%clk 0:06:14]} 24. Bd2 {[%clk 0:25:43]} Qf5
{[%clk 0:06:23]} 25. f3 {[%clk 0:15:20]} e3 {[%clk 0:05:46]} 26. Bb4
{[%clk 0:11:45]} e4 {[%clk 0:04:41]} 27. Nc2 {[%clk 0:08:49]} exf3
{[%clk 0:03:36]} 28. gxf3 {[%clk 0:09:13]} Bxa1 {[%clk 0:04:02]} 29. Nxa1
{[%clk 0:09:21]} Re8 {[%clk 0:03:26]} 30. Bc3 {[%clk 0:09:02]} Ne5
{[%clk 0:03:16]} 31. Nc2 {[%clk 0:09:03]} Nxf3+ {[%clk 0:03:01]} 32. Qxf3
{[%clk 0:01:24]} Qxc2 {[%clk 0:03:25]} 33. Bf6 {[%clk 0:02:04]} Qe4
{[%clk 0:02:49]} 34. Qg4 {[%clk 0:01:35]} f3 {[%clk 0:02:49]} 35. Qxe4
{[%clk 0:01:10]} f2+ {[%clk 0:03:02]} 36. Kg2 {[%clk 0:01:35]} fxe1=N+
{[%clk 0:03:20]} 0-1

[Event "World Chess Olympiad 2018"]
[Site "Batumi"]
[Date "2018.10.01"]
[Round "7"]
[Board "4"]
[WhiteFideId "9901302"]
[White "Kavinda Akila"]
[BlackFideId "22100199"]
[Black "Uruci Endrit"]
[Result "1/2-1/2"]
[LiveChessVersion "1.4.8"]
[BlackElo "2157"]
[WhiteElo "2047"]

1. d4 {[%clk 1:30:56]} Nf6 {[%clk 1:30:45]} 2. Nf3 {[%clk 1:31:22]} e6
{[%clk 1:30:59]} 3. c4 {[%clk 1:31:22]} b6 {[%clk 1:31:13]} 4. e3
{[%clk 1:30:08]} Bb7 {[%clk 1:31:18]} 5. Nc3 {[%clk 1:23:38]} Bb4
{[%clk 1:30:55]} 6. Bd2 {[%clk 1:23:48]} O-O {[%clk 1:29:36]} 7. Bd3
{[%clk 1:16:17]} Bxc3 {[%clk 1:26:43]} 8. Bxc3 {[%clk 1:16:38]} Ne4
{[%clk 1:27:08]} 9. Rc1 {[%clk 0:56:04]} d6 {[%clk 1:26:48]} 10. O-O
{[%clk 0:50:07]} f5 {[%clk 1:24:13]} 11. Be1 {[%clk 0:37:01]} Nd7
{[%clk 1:21:50]} 12. Nd2 {[%clk 0:34:05]} Nxd2 {[%clk 1:20:26]} 13. Qxd2
{[%clk 0:34:18]} Qg5 {[%clk 1:19:50]} 14. f3 {[%clk 0:25:27]} a5 {[%clk 1:09:17]}
15. Bg3 {[%clk 0:20:59]} a4 {[%clk 1:03:07]} 16. Qf2 {[%clk 0:16:31]} Kh8
{[%clk 1:00:32]} 17. b4 {[%clk 0:08:44]} Qe7 {[%clk 0:52:32]} 18. Qd2
{[%clk 0:06:28]} c5 {[%clk 0:41:54]} 19. Bb1 {[%clk 0:03:52]} e5 {[%clk 0:39:30]}
20. Rfd1 {[%clk 0:03:27]} f4 {[%clk 0:34:25]} 21. exf4 {[%clk 0:03:08]} exd4
{[%clk 0:31:55]} 22. Qd3 {[%clk 0:02:19]} g6 {[%clk 0:31:53]} 23. Re1
{[%clk 0:02:34]} Qf6 {[%clk 0:27:26]} 24. Re2 {[%clk 0:02:50]} Rae8
{[%clk 0:27:20]} 25. Rce1 {[%clk 0:03:13]} Rxe2 {[%clk 0:27:42]} 26. Rxe2
{[%clk 0:01:01]} cxb4 {[%clk 0:22:06]} 27. Bf2 {[%clk 0:01:13]} Qxf4
{[%clk 0:21:40]} 28. Bxd4+ {[%clk 0:00:45]} Ne5 {[%clk 0:21:25]} 29. Qd1
{[%clk 0:00:39]} Kg8 {[%clk 0:19:31]} 30. Be4 {[%clk 0:00:40]} Bxe4
{[%clk 0:16:09]} 31. Rxe4 {[%clk 0:01:07]} Qf7 {[%clk 0:12:24]} 32. Bxe5
{[%clk 0:01:33]} dxe5 {[%clk 0:12:48]} 33. Qxa4 {[%clk 0:01:26]} Qc7
{[%clk 0:09:56]} 34. Qxb4 {[%clk 0:01:25]} Ra8 {[%clk 0:09:19]} 35. Qb5
{[%clk 0:00:51]} Ra5 {[%clk 0:05:53]} 36. Qe8+ {[%clk 0:00:41]} Kg7
{[%clk 0:06:23]} 37. h3 {[%clk 0:00:43]} h5 {[%clk 0:02:47]} 38. h4
{[%clk 0:00:58]} Qc5+ {[%clk 0:00:38]} 39. Kh2 {[%clk 0:01:24]} Rxa2
{[%clk 0:00:43]} 40. Rxe5 {[%clk 0:30:56]} Qd6 {[%clk 0:30:35]} 41. Kh3
{[%clk 0:17:45]} Ra7 {[%clk 0:28:51]} 42. Re6 {[%clk 0:16:21]} Qd3
{[%clk 0:29:19]} 43. Qb5 {[%clk 0:10:09]} Rf7 {[%clk 0:16:39]} 44. Qe5+
{[%clk 0:07:41]} Kh7 {[%clk 0:17:04]} 45. Re8 {[%clk 0:00:42]} Qf5+
{[%clk 0:13:09]} 46. Qxf5 {[%clk 0:01:06]} Rxf5 {[%clk 0:13:24]} 47. Rc8
{[%clk 0:01:28]} b5 {[%clk 0:13:45]} 48. c5 {[%clk 0:01:40]} b4 {[%clk 0:14:11]}
49. c6 {[%clk 0:00:40]} Rc5 {[%clk 0:14:09]} 50. Rc7+ {[%clk 0:00:48]} Kg8
{[%clk 0:14:25]} 51. Kg3 {[%clk 0:00:37]} Rc4 {[%clk 0:13:47]} 52. Rb7
{[%clk 0:00:42]} Rxc6 {[%clk 0:14:06]} 53. Rxb4 {[%clk 0:01:09]} Kg7
{[%clk 0:14:26]} 54. Kf4 {[%clk 0:01:04]} Rf6+ {[%clk 0:14:52]} 55. Ke5
{[%clk 0:00:57]} Rf5+ {[%clk 0:15:21]} 56. Ke4 {[%clk 0:01:17]} Ra5
{[%clk 0:15:38]} 57. Kf4 {[%clk 0:01:28]} Ra2 {[%clk 0:15:38]} 58. g4
{[%clk 0:01:38]} hxg4 {[%clk 0:16:00]} 59. fxg4 {[%clk 0:02:04]} Ra7
{[%clk 0:15:34]} 60. Rb5 {[%clk 0:02:16]} Ra4+ {[%clk 0:15:37]} 61. Kg5
{[%clk 0:02:19]} Ra7 {[%clk 0:15:59]} 62. Re5 {[%clk 0:02:38]} Rb7
{[%clk 0:16:13]} 63. Kf4 {[%clk 0:03:03]} Ra7 {[%clk 0:16:09]} 64. Re4
{[%clk 0:03:22]} Ra5 {[%clk 0:16:19]} 65. Re7+ {[%clk 0:03:39]} Kf6
{[%clk 0:16:44]} 66. Rd7 {[%clk 0:01:28]} Ra4+ {[%clk 0:17:06]} 67. Kf3
{[%clk 0:01:51]} Ke6 {[%clk 0:17:15]} 68. Rb7 {[%clk 0:01:47]} Ra3+
{[%clk 0:17:38]} 69. Kf4 {[%clk 0:02:09]} Kf6 {[%clk 0:17:32]} 70. Rb6+
{[%clk 0:00:49]} Kg7 {[%clk 0:17:53]} 71. Rb7+ {[%clk 0:01:15]} Kf6
{[%clk 0:18:12]} 72. g5+ {[%clk 0:00:52]} Ke6 {[%clk 0:18:41]} 73. Rb6+
{[%clk 0:01:09]} Kf7 {[%clk 0:19:06]} 74. Ke5 {[%clk 0:00:52]} Re3+
{[%clk 0:18:21]} 75. Kd4 {[%clk 0:00:39]} Rh3 {[%clk 0:16:58]} 76. Rf6+
{[%clk 0:01:03]} Kg7 {[%clk 0:17:21]} 77. Rf4 {[%clk 0:01:27]} Ra3
{[%clk 0:17:39]} 78. Re4 {[%clk 0:01:50]} Ra4+ {[%clk 0:18:05]} 79. Ke5
{[%clk 0:02:13]} Ra5+ {[%clk 0:18:29]} 80. Kd6 {[%clk 0:02:03]} Ra6+
{[%clk 0:18:49]} 81. Kd7 {[%clk 0:01:33]} Ra7+ {[%clk 0:19:08]} 82. Kc6
{[%clk 0:01:54]} Ra6+ {[%clk 0:19:04]} 83. Kb7 {[%clk 0:01:51]} Ra1
{[%clk 0:19:09]} 84. Kb6 {[%clk 0:00:54]} Rc1 {[%clk 0:19:22]} 85. Kb5
{[%clk 0:01:02]} Kf7 {[%clk 0:19:01]} 86. Rf4+ {[%clk 0:01:29]} Kg7
{[%clk 0:19:21]} 87. Rc4 {[%clk 0:01:53]} Rb1+ {[%clk 0:19:13]} 88. Kc6
{[%clk 0:02:08]} Rd1 {[%clk 0:19:33]} 89. Re4 {[%clk 0:02:08]} Kf7
{[%clk 0:19:56]} 90. Rf4+ {[%clk 0:02:09]} Kg7 {[%clk 0:20:19]} 91. Kc5
{[%clk 0:01:41]} Ra1 {[%clk 0:20:36]} 92. Rd4 {[%clk 0:00:55]} Rc1+
{[%clk 0:19:38]} 93. Kd6 {[%clk 0:01:16]} Re1 {[%clk 0:20:07]} 94. Kd7
{[%clk 0:01:02]} Re2 {[%clk 0:20:21]} 95. Kd8 {[%clk 0:00:54]} Kf7
{[%clk 0:19:35]} 96. Rd7+ {[%clk 0:00:47]} Kf8 {[%clk 0:20:03]} 97. Rd4
{[%clk 0:01:08]} Kf7 {[%clk 0:20:22]} 1/2-1/2